Tariq bin Ziyad / (Record no. 523278)
[ view plain ]
| 000 -LEADER | |
|---|---|
| fixed length control field | 00368nam a2200145Ia 4500 |
| 005 - DATE AND TIME OF LATEST TRANSACTION | |
| control field | 20190130144644.0 |
| 008 - FIXED-LENGTH DATA ELEMENTS--GENERAL INFORMATION | |
| fixed length control field | 190125s9999 xx 000 0 und d |
| 040 ## - CATALOGING SOURCE | |
| Transcribing agency | DLC |
| 082 ## - DEWEY DECIMAL CLASSIFICATION NUMBER | |
| Classification number | 891.4393 |
| Author Mark | SID |
| 100 ## - MAIN ENTRY--PERSONAL NAME | |
| Personal name | Sadiq Hussain saddiqui |
| 9 (RLIN) | 13506 |
| 245 ## - TITLE STATEMENT | |
| Title | Tariq bin Ziyad / |
| 260 ## - PUBLICATION, DISTRIBUTION, ETC. | |
| Name of publisher, distributor, etc. | 7th Sky Publications |
| Place of publication, distribution, etc. | Lahore |
| Date of publication, distribution, etc. | 2012 |
| 300 ## - PHYSICAL DESCRIPTION | |
| Extent | 312p. : |
| 942 ## - ADDED ENTRY ELEMENTS (KOHA) | |
| Source of classification or shelving scheme | |
| Koha item type | Book |
| Withdrawn status | Lost status | Source of classification or shelving scheme | Damaged status | Not for loan | Permanent Location | Current Location | Date acquired | Total Checkouts | Full call number | Barcode | Date last seen | Date last checked out | Price effective from | Koha item type |
|---|---|---|---|---|---|---|---|---|---|---|---|---|---|---|
| Central Library (CL) | Central Library (CL) | 01/30/2019 | 1 | 891.4393 SID | NIT-10769 | 06/12/2021 | 10/02/2020 | 01/30/2019 | Book |
